Statistics for Hebrew words Unit 9

Click here to take the quiz!

General Stats

  • This quiz has been taken 10 times
  • The average score is 6 of 16

Answer Stats

Answer% Correct
תפריט
67%
וניל
56%
סוכר
56%
חשבון
44%
חביתה
44%
מלצר
44%
סטייק
44%
בצל
44%
מלח
44%
כרטיס אשראי
33%
ירקות
33%
עגבניה
33%
על האש
22%
עוף
22%
המבוגר
11%
נקנקייה
0%

Score Distribution

Percentile by Number Answered

Percent of People with Each Score

Your Score History

You have not taken this quiz